Well covered (Record no. 76848)
[ view plain ]
| 000 -LEADER | |
|---|---|
| fixed length control field | 00783cab a2200181 4500 |
| 001 - CONTROL NUMBER | |
| control field | ##L133182 |
| 008 - FIXED-LENGTH DATA ELEMENTS--GENERAL INFORMATION | |
| fixed length control field | 060419n2006 000 0 eng u |
| 035 ## - SYSTEM CONTROL NUMBER | |
| System control number | (Sirsi) u133182 |
| 041 0# - LANGUAGE CODE | |
| Language code of text/sound track or separate title | eng |
| 100 1# - MAIN ENTRY--PERSONAL NAME | |
| Personal name | Towler, Andrew |
| 245 00 - TITLE STATEMENT | |
| Title | Well covered |
| 260 ## - PUBLICATION, DISTRIBUTION, ETC. | |
| Date of publication, distribution, etc. | 2006 |
| 490 #0 - SERIES STATEMENT | |
| Series statement | Solicitors' Journal |
| Volume/sequential designation | 150(13) 7 April 2006, 416-418(2) |
| 520 ## - SUMMARY, ETC. | |
| Summary, etc. | Looks at the legal indemnity options for conveyancers in a rapidly changing housing market. Outlines specialist insurance policies such as title insurance and search insurance. Concludes that the stabilising of the property market has had a positive effect on the legal indemnities insurance market. |
| 590 ## - LOCAL NOTE (RLIN) | |
| Local note | IKA250406 |
| 690 ## - LOCAL SUBJECT ADDED ENTRY--TOPICAL TERM (OCLC, RLIN) | |
| Topical term or geographic name as entry element | MANAGEMENT-BUSINESS MANAGEMENT-INSURANCE-PROFESSIONAL INDEMNITY INSURANCE |
| 942 ## - ADDED ENTRY ELEMENTS (KOHA) | |
| Suppress in OPAC | 0 |
| Withdrawn status | Lost status | Source of classification or shelving scheme | Damaged status | Not for loan | Home library | Current library | Shelving location | Date acquired | Total Checkouts | Full call number | Barcode | Date last seen | Copy number | Price effective from | Koha item type |
|---|---|---|---|---|---|---|---|---|---|---|---|---|---|---|---|
| Dewey Decimal Classification | London | London | Journal article | 19/04/2006 | L133182 | 133182-1001 | 06/08/2019 | 1 | 06/08/2019 | Journal article |